|
|
|
|
| LEADER |
00836nta a2200205 i 4500 |
| 001 |
dipl86311 |
| 005 |
20200831092608.0 |
| 008 |
200831s2018 hu om 0|| hun d |
| 040 |
|
|
|a SZTE Diploma Repozitórium
|b hun
|
| 041 |
|
|
|a hun
|
| 100 |
1 |
|
|a Harányi Tamás
|
| 245 |
1 |
0 |
|a Oldószer toleráns Rhodococcus törzsek szénhidrogén felhasználásának összehasonlítása
|h [elektronikus dokumentum] /
|c Tamás Harányi
|
| 246 |
1 |
0 |
|a Comparison of hydrocarbon biodegradation of solvent tolerant Rhodococcus strains
|h [elektronikus dokumentum]
|
| 260 |
|
|
|c 2018
|
| 650 |
|
4 |
|a Természettudományok
|
| 650 |
|
4 |
|a Biotechnology
|
| 650 |
|
4 |
|a Environmental biotechnology
|
| 700 |
0 |
1 |
|a Laczi Krisztián
|e ths
|
| 700 |
0 |
1 |
|a Rákhely Gábor
|e ths
|
| 856 |
4 |
0 |
|u https://diploma.bibl.u-szeged.hu/id/eprint/86311/2/2019_haranyi_tamas.pdf
|z Dokumentum-elérés
|